000 00453nam a2200181Ia 4500
001 1942
005 20260306143805.0
008 260306t2014||||xx |||||||||||||| ||spa||
041 _aESP
082 _a158.24
_bC254
100 _aCliment, Carlos E.
_eAUT
245 0 _aLa locura lúcida:
_bantisociales, narcisistas y borderline
260 _c2014
300 _a245 páginas :
_c23 cm.
650 _aGEN
654 _aCPS
942 _cLIB
_dJUS
_fJUS
_2ddc
_n
999 _c1942
_d1942